The challenges of turmoil / (Record no. 23)

000 -LEADER
fixed length control field nam a22 a 4500
003 - CONTROL NUMBER IDENTIFIER
control field AKMAL
005 - DATE AND TIME OF LATEST TRANSACTION
control field 20170413114912.0
008 - FIXED-LENGTH DATA ELEMENTS--GENERAL INFORMATION
fixed length control field 170413s1998 my e 000 0 eng d
020 ## - INTERNATIONAL STANDARD BOOK NUMBER
International Standard Book Number 9679786528 (pbk.):
Terms of availability RM 9.90
040 ## - CATALOGING SOURCE
Original cataloging agency AKMAL
082 04 - DEWEY DECIMAL CLASSIFICATION NUMBER
Classification number 338.9595
Edition number 22
090 00 - LOCALLY ASSIGNED LC-TYPE CALL NUMBER (OCLC); LOCAL CALL NUMBER (RLIN)
Classification number (OCLC) (R) ; Classification number, CALL (RLIN) (NR) 338.9595
Local cutter number (OCLC) ; Book number/undivided call number, CALL (RLIN) MAH
100 0# - MAIN ENTRY--PERSONAL NAME
Personal name Mahathir Mohamad,
Titles and words associated with a name Tun,
Dates associated with a name 1925-
9 (RLIN) 41
245 14 - TITLE STATEMENT
Title The challenges of turmoil /
Statement of responsibility, etc. Mahathir Mohamad
260 ## - PUBLICATION, DISTRIBUTION, ETC.
Place of publication, distribution, etc. Subang Jaya :
Name of publisher, distributor, etc. Pelanduk Pub.,
Date of publication, distribution, etc. 1998
300 00 - PHYSICAL DESCRIPTION
Extent 48p. ;
Dimensions 22cm.
650 10 - SUBJECT ADDED ENTRY--TOPICAL TERM
Topical term or geographic name entry element Economic forecasting
Geographic subdivision Malaysia
9 (RLIN) 82
650 20 - SUBJECT ADDED ENTRY--TOPICAL TERM
Topical term or geographic name entry element Devaluation of currency
Geographic subdivision Malaysia
9 (RLIN) 83
650 20 - SUBJECT ADDED ENTRY--TOPICAL TERM
Topical term or geographic name entry element Foreign exchange futures
Geographic subdivision Malaysia
9 (RLIN) 84
651 #0 - SUBJECT ADDED ENTRY--GEOGRAPHIC NAME
Geographic name Malaysia
General subdivision Economic conditions
9 (RLIN) 63
942 ## - ADDED ENTRY ELEMENTS (KOHA)
Source of classification or shelving scheme
Koha item type Book
Holdings
Withdrawn status Lost status Source of classification or shelving scheme Damaged status Not for loan Collection code Home library Current library Shelving location Date acquired Inventory number Total Checkouts Full call number Barcode Date last seen Price effective from Koha item type
          NON-FICTION AKMAL Melaka AKMAL Melaka PINJAMAN 13.04.2017 303431   338.9595 MAH 201700054 13.04.2017 13.04.2017 Book
          NON-FICTION AKMAL Melaka AKMAL Melaka PINJAMAN 11.05.2017 002998   338.9595 201705775 11.05.2017 11.05.2017 Book
Pusat Sumber Maklumat Dato' Haji Sarmin Md Hussin, Akademi Kastam Diraja Malaysia, Melaka
Tel: 06-2331106 | Faks: 06-2313787